Preskúmavanie rozhodnutí daňových orgánov súdom

Piata časť Občianskeho súdneho poriadku sa venuje správnemu súdnictvu a upravuje konanie pred súdom, ktorého predmetom je preskúmavanie rozhodnutí správnych orgánov súdom. Úloha správneho súdnictva. Možnosti a spôsob uplatňovania práv daňovníkov a platiteľov daní.

Enregistré dans:
Détails bibliographiques
Auteur principal: Schultzová, Anna
Format: Chapitre de livre
Langue:slovaque
Sujets:
Tags: Ajouter un tag
Pas de tags, Soyez le premier à ajouter un tag!

MARC

LEADER 00000naa a2200000 4500
001 r033404
005 20230929092753.0
041 0 |a slo 
044 |a SK 
245 1 0 |a Preskúmavanie rozhodnutí daňových orgánov súdom  |c Anna Schultzová 
520 |a Piata časť Občianskeho súdneho poriadku sa venuje správnemu súdnictvu a upravuje konanie pred súdom, ktorého predmetom je preskúmavanie rozhodnutí správnych orgánov súdom. Úloha správneho súdnictva. Možnosti a spôsob uplatňovania práv daňovníkov a platiteľov daní. 
610 2 0 |a súdnictvo 
610 2 0 |a súdy 
610 2 0 |a poriadok súdny občiansky 
610 2 0 |a osoby fyzické 
610 2 0 |a osoby právnické 
610 2 0 |a ochrana práv občanov 
610 2 0 |a úrady daňové 
100 1 |a Schultzová, Anna